<?xml version="1.0" encoding="UTF-8"?>
<record
    xmlns:xsi="http://www.w3.org/2001/XMLSchema-instance"
    xsi:schemaLocation="http://www.loc.gov/MARC21/slim http://www.loc.gov/standards/marcxml/schema/MARC21slim.xsd"
    xmlns="http://www.loc.gov/MARC21/slim">

  <leader>01617nam a22002417a 4500</leader>
  <controlfield tag="003">OSt</controlfield>
  <controlfield tag="005">20250513201641.0</controlfield>
  <controlfield tag="008">250513b           ||||| |||| 00| 0 spa d</controlfield>
  <datafield tag="020" ind1=" " ind2=" ">
    <subfield code="a">9788484286424</subfield>
  </datafield>
  <datafield tag="040" ind1=" " ind2=" ">
    <subfield code="c">CO-Mq BPB</subfield>
  </datafield>
  <datafield tag="041" ind1=" " ind2=" ">
    <subfield code="a">spa</subfield>
  </datafield>
  <datafield tag="082" ind1=" " ind2=" ">
    <subfield code="a">AN</subfield>
    <subfield code="b">MANd</subfield>
  </datafield>
  <datafield tag="100" ind1=" " ind2=" ">
    <subfield code="a">Mann, Thomas</subfield>
    <subfield code="e">autor</subfield>
  </datafield>
  <datafield tag="245" ind1=" " ind2=" ">
    <subfield code="a">Desorden y dolor precoz</subfield>
  </datafield>
  <datafield tag="264" ind1=" " ind2=" ">
    <subfield code="a">Barcelona;</subfield>
    <subfield code="b">Alba Editorial,</subfield>
    <subfield code="c">2011</subfield>
  </datafield>
  <datafield tag="300" ind1=" " ind2=" ">
    <subfield code="a">94 p&#xE1;ginas</subfield>
    <subfield code="b">Tapa rustica</subfield>
    <subfield code="c">18 cm</subfield>
  </datafield>
  <datafield tag="521" ind1=" " ind2=" ">
    <subfield code="a">Thomas Mann public&#xF3; Desorden y dolor precoz , un &#xAB;relato de la inflaci&#xF3;n y de la revoluci&#xF3;n&#xBB;, seg&#xFA;n sus palabras, en la revista Die Neue Rundschau en junio de 1925. Los efectos de la crisis econ&#xF3;mica aparecen ya en la primera l&#xED;nea, en forma de unas &#xAB;chuletas de berza&#xBB; que constituyen el almuerzo de la respetable y culta familia del profesor Cornelius. A partir de aqu&#xED;, una tarde de fiesta: los hijos mayores han convocado a sus amigos y el invitado estrella es un joven actor; cantan canciones &#xAB;de mendigo&#xBB;, comen ensalada italiana y bailan al son del jazz; los ni&#xF1;os peque&#xF1;os tambi&#xE9;n participan y los criados &#x2013;entre ellos, un &#xAB;simp&#xE1;tico bolchevique&#xBB;&#x2013; miran. Sobre este abigarrado mundo de juventud y revuelo, Thomas Mann traza una an&#xE9;cdota m&#xED;nima, pero inesperadamente reveladora. El relato, de fondo autobiogr&#xE1;fico, es tanto una pieza hist&#xF3;rica como una melanc&#xF3;lica reflexi&#xF3;n sobre las fr&#xE1;giles razones de la felicidad y el dolor.</subfield>
  </datafield>
  <datafield tag="650" ind1=" " ind2=" ">
    <subfield code="a">Ficci&#xF3;n moderna </subfield>
  </datafield>
  <datafield tag="650" ind1=" " ind2=" ">
    <subfield code="a">Ficci&#xF3;n contempor&#xE1;nea</subfield>
  </datafield>
  <datafield tag="650" ind1=" " ind2=" ">
    <subfield code="a">Relato de la inflaci&#xF3;n y de la revoluci&#xF3;n</subfield>
  </datafield>
  <datafield tag="700" ind1=" " ind2=" ">
    <subfield code="a">Sala Rose, Rosa</subfield>
    <subfield code="e">traductora</subfield>
  </datafield>
  <datafield tag="942" ind1=" " ind2=" ">
    <subfield code="2">ddc</subfield>
    <subfield code="c">BKLIT</subfield>
  </datafield>
  <datafield tag="999" ind1=" " ind2=" ">
    <subfield code="c">15963</subfield>
    <subfield code="d">15963</subfield>
  </datafield>
  <datafield tag="952" ind1=" " ind2=" ">
    <subfield code="0">0</subfield>
    <subfield code="1">0</subfield>
    <subfield code="2">ddc</subfield>
    <subfield code="4">0</subfield>
    <subfield code="7">0</subfield>
    <subfield code="8">LA</subfield>
    <subfield code="a">BPMOS</subfield>
    <subfield code="b">BPMOS</subfield>
    <subfield code="c">FIC</subfield>
    <subfield code="d">2025-05-13</subfield>
    <subfield code="e">Compra 2024</subfield>
    <subfield code="i">NT</subfield>
    <subfield code="l">0</subfield>
    <subfield code="o">AN MANd</subfield>
    <subfield code="p">MOS504458</subfield>
    <subfield code="r">2025-05-13</subfield>
    <subfield code="t">Ej.1</subfield>
    <subfield code="w">2025-05-13</subfield>
    <subfield code="y">BKLIT</subfield>
    <subfield code="z">Quince dias</subfield>
  </datafield>
</record>
